00820nam a2200205 i 450000100060000000300090000600500170001500700030003200800410003510000310007624501340010725000320024126000560027330000490032970000310037870000380040985200300044799900170047795201200049436102ES-MaACL20230906155311.0t|030217s1939 sp ||||1| spa d1 aBromell, J. Norman.93188410aAnatomía e histología de la boca y dientes / cpor J. Norman Bromell y Felipe Fischellis ; traducción de J. Vilá Torrent. a6ª ed. norteamericana rev. aBarcelona : bPubul, c[1939] (fUnión Gráfica) aXV, 496 p., 1 lám. col. : bil. ; c23 cm.1 aFischellis, Felipe.9509761 aVilá y Torrent, José.9114741 aES-MaACLjE-421 bR.20530 c36102d36102 00104070aATENEOMbATENEOMcDEPO2d2008-01-17eSCl0oE-421p1037889r2023-02-23 00:00:00w2023-02-23yMONOGRAFIA